LIBRARY & INFORMATION CENTRE, KCAET, TAVANUR

ONLINE PUBLIC ACCESS CATALOGUE (OPAC)

Hammond`s farm animals / (Record no. 1642)

MARC details
000 -LEADER
fixed length control field 00471cam a2200205ua 4500
041 ## - LANGUAGE CODE
Language code of text/sound track or separate title eng
082 ## - DEWEY DECIMAL CLASSIFICATION NUMBER
Classification number 636
Item number HAM/HA
100 ## - MAIN ENTRY--AUTHOR NAME
Personal name Hammond, F .
245 ## - TITLE STATEMENT
Title Hammond`s farm animals /
250 ## - EDITION STATEMENT
Edition statement 5 /
260 ## - PUBLICATION, DISTRIBUTION, ETC. (IMPRINT)
Place of publication :
Name of publisher ELBS ,
Year of publication 1983.
300 ## - PHYSICAL DESCRIPTION
Number of Pages 305 ; .
700 1# - ADDED ENTRY--PERSONAL NAME
Personal name Bowman, F.C .
700 1# - ADDED ENTRY--PERSONAL NAME
Personal name Robinson, T.R .
942 ## - ADDED ENTRY ELEMENTS (KOHA)
Koha item type Books
Holdings
Withdrawn status Lost status Damaged status Home library Current library Date acquired Full call number Accession Number Koha item type
      KAUAET KAUAET 10/09/1986 636 15767 Books
free website counter